[Event "FRM-ch"]
[Site "Ohrid"]
[Date "2017.08.19"]
[Round "7"]
[White "Georgiev, Todor"]
[Black "Hadzi Manev, Ljubomir"]
[Result "1-0"]
[WhiteElo "2284"]
[BlackElo "2042"]
[PlyCount "87"]
[EventDate "2017.08.13"]
[EventType "swiss"]
[EventRounds "9"]
[EventCountry "MKD"]
[SourceTitle "CBM 180 Extra"]
[Source "ChessBase"]
[SourceDate "2017.10.06"]
[SourceVersion "1"]
[SourceVersionDate "2017.10.06"]
[SourceQuality "1"]

1. d4 d5 2. c4 e6 3. Nf3 Be7 4. g3 Nf6 5. Bg2 0-0 6. 0-0 c5 7. cxd5 exd5 8. dxc5 Bxc5 9. Bg5 Nc6 10. Nc3 d4 11. Bxf6 Qxf6 12. Nd5 Qd8 13. Nd2 Bg4 14. Nf4 Re8 15. h3 Bf5 16. Nd3 Bb6 17. Kh2 h5 18. Nf3 Qe7 19. Nf4 Rad8 20. Qb3 Be4 21. Kg1 g6 22. h4 Kg7 23. Ng5 Bxg2 24. Kxg2 Rd7 25. Rac1 Qb4 26. Qc2 Ne5 27. a3 Qd6 28. Rfd1 Qc6+ 29. Qxc6 Nxc6 30. b4 a6 31. Rc2 Rd6 32. Rcd2 Ne5 33. Rc2 Nc6 34. Nf3 Rd7 35. Kf1 f6 36. e3 Bc7 37. Nxd4 Nxd4 38. Rxd4 Rde7 39. Nd5 Be5 40. Nxe7 Rxe7 41. Rd5 Kf7 42. Ke2 Ke6 43. Rd3 f5 44. Rd8 1-0

[Event "FRM-ch"]
[Site "Ohrid"]
[Date "2017.08.17"]
[Round "5"]
[White "Georgiev, Todor"]
[Black "Kralevski, Aleksander"]
[Result "1-0"]
[WhiteElo "2284"]
[BlackElo "2108"]
[PlyCount "57"]
[EventDate "2017.08.13"]
[EventType "swiss"]
[EventRounds "9"]
[EventCountry "MKD"]
[SourceTitle "CBM 180 Extra"]
[Source "ChessBase"]
[SourceDate "2017.10.06"]
[SourceVersion "1"]
[SourceVersionDate "2017.10.06"]
[SourceQuality "1"]

1. d4 d5 2. Nf3 Nf6 3. c4 c6 4. Qc2 e6 5. g3 Nbd7 6. Bg2 Bd6 7. Nbd2 0-0 8. 0-0 b5 9. e4 e5 10. dxe5 Nxe5 11. Nxe5 Bxe5 12. Nf3 Re8 13. exd5 bxc4 14. dxc6 Bc7 15. Qxc4 Re4 16. Qc2 Ba6 17. Rd1 Qe8 18. Bg5 Rc4 19. Qf5 Rxc6 20. Nd4 Rb6 21. Bxa8 Qxa8 22. Rac1 Bc8 23. Qd3 Bd6 24. Bxf6 gxf6 25. Nf5 Ba6 26. Qxd6 Rxd6 27. Rxd6 h5 28. Rxa6 Kh7 29. Rxf6 1-0

[Event "FRM-ch"]
[Site "Ohrid"]
[Date "2017.08.13"]
[Round "1"]
[White "Georgiev, Todor"]
[Black "Shabanaj, Lefter"]
[Result "1-0"]
[WhiteElo "2284"]
[BlackElo "1705"]
[PlyCount "37"]
[EventDate "2017.08.13"]
[EventType "swiss"]
[EventRounds "9"]
[EventCountry "MKD"]
[SourceTitle "CBM 180 Extra"]
[Source "ChessBase"]
[SourceDate "2017.10.06"]
[SourceVersion "1"]
[SourceVersionDate "2017.10.06"]
[SourceQuality "1"]

1. g3 e6 2. Bg2 d5 3. Nf3 b6 4. c4 Bb7 5. cxd5 exd5 6. 0-0 Nf6 7. Nc3 Be7 8. d4 0-0 9. Nh4 Qd7 10. Qd3 Re8 11. Bg5 h6 12. Bxf6 Bxf6 13. Nf5 c6 14. Qf3 Qd8 15. e4 dxe4 16. Nxe4 Rf8 17. Nxh6+ Kh8 18. Qh5 Qxd4 19. Nf5+ 1-0

[Event "Sofia MGU op 186th"]
[Site "Sofia"]
[Date "2017.05.28"]
[Round "6"]
[White "Tsintsarski, B."]
[Black "Georgiev, Todor"]
[Result "1-0"]
[WhiteElo "1661"]
[BlackElo "2284"]
[PlyCount "47"]
[EventDate "2017.05.27"]
[EventType "swiss"]
[EventRounds "6"]
[EventCountry "BUL"]
[SourceTitle "CBM 178 Extra"]
[Source "ChessBase"]
[SourceDate "2017.06.22"]
[SourceVersion "1"]
[SourceVersionDate "2017.06.22"]
[SourceQuality "1"]

1. d4 Nf6 2. c4 e6 3. Nc3 d5 4. cxd5 exd5 5. Bg5 Bb4 6. e3 h6 7. Bxf6 Qxf6 8. Qb3 Bxc3+ 9. Qxc3 Qb6 10. Rc1 0-0 11. b3 c6 12. Bd3 Nd7 13. Nf3 Nf6 14. Ne5 Re8 15. 0-0 Ne4 16. Bxe4 dxe4 17. Nc4 Qd8 18. Rfd1 Bg4 19. Rd2 Qg5 20. Kh1 Re6 21. Ne5 Bf5 22. Qb4 Rb8 23. Nxc6 Rg6 24. Ne7+ 1-0

[Event "Sofia MGU op 186th"]
[Site "Sofia"]
[Date "2017.05.27"]
[Round "3"]
[White "Georgiev, Todor"]
[Black "Andreev, Dobrotich"]
[Result "1-0"]
[WhiteElo "2284"]
[BlackElo "1937"]
[PlyCount "89"]
[EventDate "2017.05.27"]
[EventType "swiss"]
[EventRounds "6"]
[EventCountry "BUL"]
[SourceTitle "CBM 178 Extra"]
[Source "ChessBase"]
[SourceDate "2017.06.22"]
[SourceVersion "1"]
[SourceVersionDate "2017.06.22"]
[SourceQuality "1"]

1. d4 d5 2. Nf3 Nf6 3. c4 e6 4. Nc3 Be7 5. Bg5 Nbd7 6. e3 c6 7. Bd3 dxc4 8. Bxc4 b5 9. Bb3 a6 10. 0-0 0-0 11. Bc2 c5 12. dxc5 Nxc5 13. Qd4 Bb7 14. Bxf6 Bxf6 15. Qxc5 Rc8 16. Qb4 Rc4 17. Qb3 Qc7 18. Bd3 Bxf3 19. Bxc4 bxc4 20. Qc2 Ba8 21. Rac1 Qb7 22. f3 Qb6 23. Rfe1 Rc8 24. Re2 Be7 25. Kf1 Qc7 26. Kg1 Bd6 27. h3 Qc5 28. Ne4 Bxe4 29. Qxe4 Qb5 30. Rec2 c3 31. Rxc3 Rxc3 32. bxc3 g6 33. c4 Qb2 34. Rc2 Qb1+ 35. Kf2 Qb6 36. Qd3 Bc5 37. Qb3 Qd6 38. Rb2 Kg7 39. Qc3+ Kh6 40. Rd2 Qh2 41. Qf6 Qc7 42. Ke2 Qa7 43. Rd3 Qb7 44. Qf4+ Kg7 45. Qe5+ 1-0